000 00447nam a2200181Ia 4500
005 20240823042649.0
008 240823s9999||||xx |||||||||||||| ||und||
041 _aENGLISH
082 _A658 Q0
100 _aVijayaraghavan G K
245 0 _aPrinciples of Management
250 _a6th
260 _c2010
_bLakshmi Ara
_aSirkali
500 _aTRANSFERED
650 _aManagement
_bManagement Studies
700 _a Sivakumar M
942 _cBK
999 _c208402
_d208402